[Event "XXXIV. ODPRTO PRVENSTVO KOMENDE 2020"]
[Site "Komenda"]
[Date "2020.09.06"]
[Round "5.4"]
[White "Kaluza, Dominik"]
[Black "Hocevar, Nick"]
[Result "1-0"]
[WhiteElo "1463"]
[BlackElo "1143"]
[PlyCount "55"]
[EventDate "2020.09.06"]

1. e4 e5 2. Nf3 Nc6 3. Bc4 Bc5 4. d3 h6 5. O-O Nf6 6. Be3 Bb6 7. h3 O-O 8. Nc3
d6 9. Qd2 Be6 10. Nd5 Bxd5 11. exd5 Na5 12. Qe2 Nxc4 13. dxc4 Re8 14. Nd2 Qd7
15. Qf3 Qa4 16. c3 Qd7 17. Bxh6 gxh6 18. Qxf6 Kh7 19. Ne4 Qe7 20. Qf5+ Kg7 21.
Rad1 Rg8 22. Rd3 Kf8 23. Rf3 Rg7 24. Qh5 Rh7 25. Rf6 Rd8 26. Rxh6 Rxh6 27.
Qxh6+ Ke8 28. Nf6+ 1-0

[Event "XXXIV. ODPRTO PRVENSTVO KOMENDE 2020"]
[Site "Komenda"]
[Date "2020.09.06"]
[Round "5.5"]
[White "Avgustin, Jernej"]
[Black "Lapanje, Ajda"]
[Result "1-0"]
[WhiteElo "1247"]
[BlackElo "1040"]
[PlyCount "91"]
[EventDate "2020.09.06"]

1. e4 e5 2. Bc4 Bc5 3. Nf3 Nc6 4. O-O Nf6 5. d3 h6 6. Be3 Bb6 7. Nc3 d6 8. h3
Be6 9. Nd5 Qd7 10. Kh2 Na5 11. Nxb6 axb6 12. Bxe6 Qxe6 13. b4 Nc6 14. b5 Ne7
15. c4 O-O 16. a4 Kh7 17. Bd2 c6 18. Re1 Ng6 19. Bc3 Nd7 20. d4 f5 21. Qd3 Nf4
22. Qf1 Rg8 23. g3 Nh5 24. Qd3 g6 25. d5 Nc5 26. Qe3 Qe7 27. dxc6 bxc6 28. bxc6
Nxe4 29. Bb4 f4 30. gxf4 Nxf4 31. Qxe4 Qe6 32. Ng1 Rgf8 33. Re3 Nh5 34. Kg2
Nf4+ 35. Kf1 Qf6 36. Rf3 Rad8 37. a5 Qg5 38. Rg3 Qf6 39. axb6 Rb8 40. Ra7+ Kh8
41. b7 Rf7 42. Ra8 Qd8 43. Rga3 Re7 44. Ba5 Qe8 45. Bb6 Rf7 46. c7 1-0

[Event "XXXIV. ODPRTO PRVENSTVO KOMENDE 2020"]
[Site "Komenda"]
[Date "2020.09.06"]
[Round "5.6"]
[White "Bahlen Dogbats, Etsey Taras"]
[Black "Avgustin, Simona"]
[Result "0-1"]
[WhiteElo "1566"]
[BlackElo "1143"]
[PlyCount "116"]
[EventDate "2020.09.06"]

1. e4 e5 2. Nf3 Nc6 3. Bc4 Nd4 4. Nxe5 Qh4 5. Ng4 d5 6. d3 Qxg4 7. g3 Nf3+ 8.
Kf1 Nxh2+ 9. Ke1 Nf3+ 10. Kf1 Nh2+ 11. Ke1 Qxd1+ 12. Kxd1 Bg4+ 13. Ke1 Nf3+ 14.
Kf1 dxc4 15. dxc4 O-O-O 16. Nc3 Bb4 17. Nd5 Ba5 18. b4 c6 19. Ne3 Bxb4 20. Nxg4
Bc3 21. Rb1 Nd2+ 22. Bxd2 Rxd2 23. Ne3 Nf6 24. Rb3 Bd4 25. Ke1 Bxe3 26. Rxe3
Rxc2 27. Ra3 Rc1+ 28. Ke2 Rxh1 29. Rxa7 Kc7 30. e5 Ne4 31. Ke3 Re1+ 32. Kf3
Nd2+ 33. Kg2 Nxc4 34. a4 Ra1 35. f4 Nb2 36. a5 Nc4 37. a6 Rxa6 38. Rxa6 bxa6
39. Kf3 Re8 40. Ke4 f6 41. Kd4 Nb6 42. exf6 gxf6 43. g4 Rd8+ 44. Kc3 a5 45. Kb3
a4+ 46. Kb4 Rd4+ 47. Kc3 Rxf4 48. Kb2 c5 49. Ka3 c4 50. Kb4 Kc6 51. g5 fxg5 52.
Ka3 g4 53. Kb4 g3 54. Kc3 g2 55. Kb2 g1=Q 56. Ka2 Rf3 57. Kb2 Qg2+ 58. Ka1 Rf1#
0-1